000
00357nam a2200157Ia 4500
003
0STCL
008
150530s9999 xx 000 0 und d
040
_a
STCL
_c
STCL
100
_a
Platt,N.; Drummond,M.J.
245
_a
Our nation fromits creation
260
_c
1964
546
_a
English
942
_2
ddc
_c
BK
999
_c
68800
_d
68800
005
20220125171406.0